Top 30 Most Attractive Accents Around the World - Statistics

General Stats
  • This quiz has been taken 306 times
  • The average score is 18 of 30
Answer Stats
Score out of 100% Accents % Correct
48% French
94%
11% Spanish
90%
23% Italian
89%
47% German
88%
34% Russian
87%
68% English
81%
3% Chinese
79%
51% American
78%
36% Japanese
78%
6% Portuguese
77%
57% Irish
74%
53% Australian
72%
44% Scottish
67%
33% Swedish
67%
37% Indian
66%
18% Greek
62%
14% Polish
62%
21% Mexican
61%
8% Dutch
58%
40% Canadian
56%
41% New Zealand
49%
19% Welsh
49%
7% Ukrainian
45%
4% Arabic
44%
26% South African
37%
12% Filipino
19%
5% Nigerian
19%
17% Icelandic
16%
10% Israeli
16%
29% Jamaican
16%
No matching quizzes found
Score Distribution
Percent of People with Each Score
Percentile by Number Answered
Your Score History
You have not taken this quiz